LIBRARY & INFORMATION CENTRE, KCAET, TAVANUR

ONLINE PUBLIC ACCESS CATALOGUE (OPAC)

Bios Instant Notes: Biochemistry (Record no. 14264)

MARC details
000 -LEADER
fixed length control field 00319nam a22001337a 4500
020 ## - INTERNATIONAL STANDARD BOOK NUMBER
ISBN 9780415608459
082 ## - DEWEY DECIMAL CLASSIFICATION NUMBER
Classification number 574.192
Item number HAM/BI
100 ## - MAIN ENTRY--AUTHOR NAME
Personal name Hames,David
-- Hooper, Nigel
245 ## - TITLE STATEMENT
Title Bios Instant Notes: Biochemistry
250 ## - EDITION STATEMENT
Edition statement 4
260 ## - PUBLICATION, DISTRIBUTION, ETC. (IMPRINT)
Place of publication New York
Name of publisher Garland Science
Year of publication 2011
300 ## - PHYSICAL DESCRIPTION
Number of Pages 473
942 ## - ADDED ENTRY ELEMENTS (KOHA)
Koha item type Books
Holdings
Withdrawn status Lost status Damaged status Collection code Home library Current library Shelving location Date acquired Source of acquisition Cost, normal purchase price Full call number Accession Number Koha item type
        KAUAET KAUAET General Stacks 10/06/2016 Professional Books Cochin 395.00 574.192 HAM/BI 24253 Books
        KAUAET KAUAET Scheme 30/08/2016 Dream Tech Publishers & Book Sellers, Thiruvanathapuram. 395.00 574.192 HAM/BI BB 340 Book Bank scheme for SC students
free website counter